Hombre y Dios / por Ma. Enriqueta Soriano P.- Villamil, Pilar Maicas García-Asenjo y Ma. Dolores de Asis Garrote
Na minha lista:
| Autor principal: | |
|---|---|
| Outros Autores: | |
| Formato: | Livro |
| Colecção: | BAC ; v. 547, 562, 609
|
| Assuntos: | |
| Tags: |
Sem tags, seja o primeiro a adicionar uma tag!
|
MARC
| LEADER | 00000nam^a2200000^u^4500 | ||
|---|---|---|---|
| 001 | 000547881 | ||
| 005 | 20250521000000.0 | ||
| 008 | 060220s1000^^^^^^^^^^^^r^^^^^000^0^spa^d | ||
| 009 | 20260310131440.395 | ||
| 022 | |a 8479141646 | ||
| 035 | |a FMI 000017608 | ||
| 037 | |a Acervo Xavier Clavigero | ||
| 096 | |a 9.1.2/19/A | ||
| 100 | |a Soriano P. Villamil, María Enriqueta |e (autor) | ||
| 245 | 1 | 0 | |a Hombre y Dios / por Ma. Enriqueta Soriano P.- Villamil, Pilar Maicas García-Asenjo y Ma. Dolores de Asis Garrote |
| 264 | |a Madrid : BAC | ||
| 300 | |a 3 v. | ||
| 336 | |a texto |b txt |2 rdacontenido | ||
| 337 | |a sin mediación |b n |2 rdamedio | ||
| 338 | |a volumen |b nc |2 rdasoporte | ||
| 440 | 0 | |a BAC ; v. 547, 562, 609 | |
| 597 | |a v.1. Cincuenta años de poesía española (1950-1995). -- v.2. Cien años de poesía hispanoamericana (1900-1995). -- v.3. Cien años de poesía europea (Siglo XX) | ||
| 649 | |a XX | ||
| 650 | |a Poesía | ||
| 700 | |a I.Maicas García-Asenjo, Pilar, coaut. \ II.Asis Garrote, María Dolores de, coaut. |e (autor) | ||
| 910 | |a Fondo Francisco Migoya Covarrubias S.J. | ||
| 920 | |a Impresos - Libros | ||
| 930 | |a Fondos Especiales | ||
| 905 | |a 134 | ||
| 901 | |a SBC25626 |b IT2 |c ESP |u 20250521 | ||
| 901 | |a SBC25929 |b IT2 |c ESP |u 20250521 | ||
| 901 | |a SBC25941 |b IT2 |c ESP |u 20250521 | ||
| 902 | |a https://opac.biblio.iteso.mx/vufind/Record/000547881 | ||